[Event "Polanica Zdroj op-B 44th"]
[Site "Polanica Zdroj"]
[Date "2008.08.26"]
[Round "8"]
[White "Efinowicz, Michal"]
[Black "Sowul, Bartosz"]
[Result "1-0"]
[WhiteElo "2083"]
[BlackElo "1985"]
[PlyCount "151"]
[EventDate "2008.08.19"]
[EventType "swiss"]
[EventRounds "10"]
[EventCountry "POL"]
[SourceTitle "CBM 126 Extra"]
[Source "ChessBase"]
[SourceDate "2008.11.05"]
[SourceVersion "1"]
[SourceVersionDate "2008.11.05"]
[SourceQuality "1"]

1. c4 g6 2. Nc3 Bg7 3. g3 Nf6 4. Bg2 0-0 5. e4 d6 6. Nge2 e5 7. d3 c6 8. 0-0 Nh5 9. h3 f5 10. exf5 gxf5 11. f4 Qe8 12. Kh2 Kh8 13. Be3 Rg8 14. d4 e4 15. d5 c5 16. Nb5 Qd8 17. Rb1 a6 18. Na3 b6 19. b4 Nd7 20. bxc5 bxc5 21. Qa4 Ra7 22. Rb3 Bf6 23. Bf2 Qf8 24. Nc2 Rc7 25. Ne3 Bd8 26. Rfb1 Qf7 27. Kg1 Qg6 28. Kf1 Nhf6 29. Ke1 Qh5 30. Kd2 Qg6 31. Qa3 Kg7 32. Qb2 Kf8 33. Rg1 h5 34. Bf1 Qh7 35. Nc3 Ne8 36. Qb1 Nef6 37. Be2 Ra7 38. Ncd1 Rc7 39. Ng2 Ke8 40. Nde3 a5 41. a4 Rg7 42. Nh4 Nf8 43. Rb5 Rcf7 44. Qc2 Ng8 45. Rb8 Rc7 46. Rxc8 Rxc8 47. Nhxf5 Rd7 48. Qxe4+ Be7 49. Bxh5+ Kd8 50. Bg4 Rb8 51. Rb1 Rdb7 52. Rb5 Nf6 53. Qb1 Kc7 54. Qa1 Ne4+ 55. Ke1 Bf6 56. Qa3 Nc3 57. Nxd6 Rxb5 58. Nxb5+ Kd8 59. Bf5 Nxb5 60. axb5 Qc7 61. Ng4 Nd7 62. Bxd7 Qxd7 63. Qxa5+ Ke7 64. Bxc5+ Kf7 65. Nxf6 Kxf6 66. Qa6+ Kg7 67. Bd4+ Kh7 68. Qa7 Rb7 69. Qa8 Qf7 70. Qh8+ Kg6 71. Qh4 Qe8+ 72. Kf2 Qa8 73. f5+ Kf7 74. Qf6+ Ke8 75. Qh8+ Kf7 76. Qxa8 1-0

[Event "Polanica Zdroj op-B 44th"]
[Site "Polanica Zdroj"]
[Date "2008.08.19"]
[Round "1"]
[White "Budzinski, Jan"]
[Black "Efinowicz, Michal"]
[Result "0-1"]
[WhiteElo "1866"]
[BlackElo "2083"]
[PlyCount "52"]
[EventDate "2008.08.19"]
[EventType "swiss"]
[EventRounds "10"]
[EventCountry "POL"]
[SourceTitle "CBM 126 Extra"]
[Source "ChessBase"]
[SourceDate "2008.11.05"]
[SourceVersion "1"]
[SourceVersionDate "2008.11.05"]
[SourceQuality "1"]

1. e4 d6 2. d4 e5 3. dxe5 dxe5 4. Qxd8+ Kxd8 5. Nf3 Bd6 6. Nbd2 Nf6 7. c3 Ke7 8. Bd3 a5 9. Nc4 Nbd7 10. Bc2 b5 11. Nxd6 cxd6 12. Nd2 Ba6 13. b4 Rhc8 14. Bb3 a4 15. Bd1 Rxc3 16. Bb2 Rc7 17. a3 Nb6 18. f3 Nfd7 19. 0-0 Rac8 20. f4 Nc4 21. Nxc4 Rxc4 22. Re1 Bb7 23. fxe5 dxe5 24. Bf3 Rc2 25. Rab1 f6 26. Rec1 Rxb2 0-1

[Event "Poznan op-A 17th"]
[Site "Poznan"]
[Date "2008.07.23"]
[Round "5"]
[White "Szelag, Marcin"]
[Black "Efinowicz, Michal"]
[Result "1-0"]
[WhiteElo "2474"]
[BlackElo "2083"]
[PlyCount "51"]
[EventDate "2008.07.19"]
[EventType "swiss"]
[EventRounds "9"]
[EventCountry "POL"]
[SourceTitle "EXT 2009"]
[Source "ChessBase"]
[SourceDate "2008.11.26"]
[SourceVersion "1"]
[SourceVersionDate "2008.11.26"]
[SourceQuality "1"]

1. e4 d6 2. d4 e5 3. Nf3 Nf6 4. Nc3 Nbd7 5. Bc4 Be7 6. 0-0 0-0 7. a4 a5 8. Re1 c6 9. h3 Qb6 10. Be3 exd4 11. Nxd4 Nc5 12. b3 Nfxe4 13. Nxe4 Nxe4 14. Ne6 Qb4 15. Nxg7 Bf6 16. Nh5 Bxa1 17. Qxa1 Qc3 18. Qxc3 Nxc3 19. Bd4 Nd5 20. Bxd5 cxd5 21. Nf6+ Kg7 22. Nd7+ Kg8 23. Re3 f6 24. Nxf6+ Rxf6 25. Bxf6 Bf5 26. Re7 1-0

[Event "Rewal op-B 12th"]
[Site "Rewal"]
[Date "2007.08.26"]
[Round "4"]
[White "Efinowicz, Michal"]
[Black "Polok, Kacper"]
[Result "1-0"]
[WhiteElo "2078"]
[BlackElo "1887"]
[PlyCount "47"]
[EventDate "2007.08.23"]
[EventType "swiss"]
[EventRounds "9"]
[EventCountry "POL"]
[SourceTitle "CBM 120 Extra"]
[Source "ChessBase"]
[SourceDate "2007.11.01"]
[SourceVersion "1"]
[SourceVersionDate "2007.11.01"]
[SourceQuality "1"]

1. d3 g6 2. e4 c5 3. g3 Nc6 4. Bg2 e5 5. Ne2 Bg7 6. 0-0 Nge7 7. Be3 d6 8. Qd2 0-0 9. Bh6 f5 10. Bxg7 Kxg7 11. f4 Rb8 12. fxe5 Nxe5 13. Nbc3 Be6 14. Nf4 Qd7 15. Rae1 N7c6 16. Ncd5 fxe4 17. dxe4 Nc4 18. Qc3+ N6e5 19. b3 Nb6 20. Nd3 Rxf1+ 21. Rxf1 Nxd5 22. exd5 Bf5 23. Nxe5 dxe5 24. Qxe5+ 1-0

[Event "Kochan Memorial op-B 18th"]
[Site "Koszalin"]
[Date "2007.08.13"]
[Round "9"]
[White "Efinowicz, Michal"]
[Black "Adamowicz, Katarzyna"]
[Result "1/2-1/2"]
[WhiteElo "2078"]
[BlackElo "2007"]
[PlyCount "115"]
[EventDate "2007.08.05"]
[EventType "swiss"]
[EventRounds "9"]
[EventCountry "POL"]
[SourceTitle "EXT 2011"]
[Source "ChessBase"]
[SourceDate "2010.11.26"]
[SourceVersion "1"]
[SourceVersionDate "2010.11.26"]
[SourceQuality "1"]

1. d3 d5 2. g3 Nc6 3. Bg2 g6 4. Nd2 Bg7 5. e4 Nf6 6. exd5 Nxd5 7. Ne2 0-0 8. 0-0 Bf5 9. Nc4 Qd7 10. Nf4 Nxf4 11. Bxf4 e5 12. Bd2 Bh3 13. a4 Bxg2 14. Kxg2 Nd4 15. Bc3 Qc6+ 16. f3 Rfe8 17. Re1 a6 18. a5 Re6 19. Bxd4 exd4 20. Rxe6 Qxe6 21. Qe1 Qd7 22. Qb4 Re8 23. Re1 c5 24. Qd2 Re6 25. Re2 Qe7 26. Kf2 h5 27. Qe1 Rxe2+ 28. Qxe2 Qxe2+ 29. Kxe2 Bf8 30. g4 hxg4 31. fxg4 f6 32. Kf3 Kf7 33. Ke4 Ke6 34. h4 Bh6 35. h5 f5+ 36. gxf5+ gxf5+ 37. Kf3 Bf8 38. Kg3 Bg7 39. Kh3 Bf8 40. Kh4 Be7+ 41. Kg3 Bf8 42. Nd2 Bd6+ 43. Kh3 Bf8 44. c3 dxc3 45. bxc3 Bg7 46. Nb3 Bxc3 47. Nxc5+ Kd5 48. Nxb7 Bf6 49. d4 Bxd4 50. h6 Kc6 51. Nd8+ Kd7 52. Nf7 Ke7 53. Ng5 Kf6 54. Kh4 Kg6 55. Ne6 Bc3 56. Nc5 Bxa5 57. Nxa6 Be1+ 58. Kh3 1/2-1/2

[Event "POL-ch U18"]
[Site "Leba"]
[Date "2007.03.29"]
[Round "8"]
[White "Plichta, Kamil"]
[Black "Efinowicz, Michal"]
[Result "0-1"]
[WhiteElo "2001"]
[BlackElo "2182"]
[PlyCount "66"]
[EventDate "2007.03.24"]
[EventType "swiss"]
[EventRounds "11"]
[EventCountry "POL"]
[SourceTitle "EXT 2011"]
[Source "ChessBase"]
[SourceDate "2010.11.26"]
[SourceVersion "1"]
[SourceVersionDate "2010.11.26"]
[SourceQuality "1"]

1. d4 d6 2. f4 c5 3. d5 Nf6 4. c4 e6 5. Nc3 exd5 6. cxd5 g6 7. e4 Bg7 8. Nf3 0-0 9. Be2 Re8 10. e5 dxe5 11. fxe5 Ng4 12. Bg5 Qb6 13. Bc4 Nxe5 14. Be2 Nxf3+ 15. gxf3 Qxb2 16. Ne4 Rxe4 17. fxe4 Qxa1 18. Qxa1 Bxa1 19. 0-0 Bd4+ 20. Kg2 Kg7 21. Be7 f5 22. d6 Bd7 23. exf5 gxf5 24. Kh3 Nc6 25. Bb5 a6 26. Bxc6 Bxc6 27. Bh4 Kh6 28. Re1 Rg8 29. Bg3 Be4 30. Kh4 Bf6+ 31. Kh3 Kh5 32. Rd1 f4 33. d7 f3 0-1

[Event "POL-ch U18"]
[Site "Leba"]
[Date "2007.03.27"]
[Round "5"]
[White "Zysko, Jan"]
[Black "Efinowicz, Michal"]
[Result "1/2-1/2"]
[WhiteElo "2003"]
[BlackElo "2182"]
[PlyCount "59"]
[EventDate "2007.03.24"]
[EventType "swiss"]
[EventRounds "11"]
[EventCountry "POL"]
[SourceTitle "EXT 2011"]
[Source "ChessBase"]
[SourceDate "2010.11.26"]
[SourceVersion "1"]
[SourceVersionDate "2010.11.26"]
[SourceQuality "1"]

1. e4 d6 2. d4 Nf6 3. Nc3 e5 4. Nf3 exd4 5. Nxd4 Be7 6. Be2 0-0 7. 0-0 Re8 8. Re1 c6 9. Bf4 Bf8 10. Bf1 Nbd7 11. Nf5 Ne5 12. h3 Bxf5 13. exf5 Qb6 14. Qd2 h6 15. a4 a5 16. b3 Rad8 17. Rad1 Qc7 18. Ne4 Nxe4 19. Rxe4 f6 20. Re3 Kh7 21. Bxe5 fxe5 22. f6 gxf6 23. Qd3+ Kh8 24. Qf5 Qh7 25. Qxf6+ Bg7 26. Qh4 e4 27. f3 exf3 28. Rxf3 Qe4 29. Qxe4 Rxe4 30. Bd3 1/2-1/2

[Event "POL-ch U18"]
[Site "Leba"]
[Date "2007.03.26"]
[Round "4"]
[White "Efinowicz, Michal"]
[Black "Szwed, Jacek"]
[Result "0-1"]
[WhiteElo "2182"]
[BlackElo "2284"]
[PlyCount "58"]
[EventDate "2007.03.24"]
[EventType "swiss"]
[EventRounds "11"]
[EventCountry "POL"]
[SourceTitle "EXT 2011"]
[Source "ChessBase"]
[SourceDate "2010.11.26"]
[SourceVersion "1"]
[SourceVersionDate "2010.11.26"]
[SourceQuality "1"]

1. d3 c5 2. c4 g6 3. Nc3 Bg7 4. g3 Nc6 5. Bg2 d6 6. e4 e6 7. Nge2 Nge7 8. Be3 Nd4 9. Bxd4 cxd4 10. Nb5 Nc6 11. 0-0 0-0 12. Rb1 Qd7 13. b4 b6 14. Qa4 Rb8 15. Rfc1 Rd8 16. c5 dxc5 17. bxc5 a6 18. Na3 b5 19. Qd1 Bf8 20. Rb2 Qa7 21. Nb1 e5 22. Nd2 Be6 23. f4 f6 24. Nf3 Be7 25. h4 Rbc8 26. fxe5 fxe5 27. Kh2 Kg7 28. a3 Bxc5 29. Rbc2 Bb3 0-1

[Event "Marianske Lazne op"]
[Site "Marianske Lazne"]
[Date "2006.01.28"]
[Round "9"]
[White "Meschke, Andreas"]
[Black "Efinowicz, Michal"]
[Result "1-0"]
[WhiteElo "2158"]
[BlackElo "2057"]
[PlyCount "61"]
[EventDate "2006.01.21"]
[EventType "swiss"]
[EventRounds "9"]
[EventCountry "CZE"]
[SourceTitle "CBM 110 Extra"]
[Source "ChessBase"]
[SourceDate "2006.03.10"]
[SourceVersion "2"]
[SourceVersionDate "2006.03.10"]
[SourceQuality "1"]

1. e4 d6 2. d4 Nf6 3. Nc3 e5 4. Nf3 Nbd7 5. Be2 Be7 6. 0-0 0-0 7. h3 c6 8. a4 b6 9. Be3 Qc7 10. Nd2 Re8 11. f4 exd4 12. Bxd4 Bf8 13. Qe1 Bb7 14. Qh4 Qd8 15. Rae1 c5 16. Bxf6 Qxf6 17. Qf2 Qh6 18. Bb5 Re7 19. Nd5 Bxd5 20. exd5 Nf6 21. Qf3 Rxe1 22. Rxe1 Kh8 23. Bc6 Rc8 24. Nc4 g5 25. fxg5 Qxg5 26. Rf1 Bg7 27. Nxd6 Rc7 28. Re1 Qh4 29. Kf1 Qd4 30. c3 Qd2 31. Ne8 1-0

[Event "Marianske Lazne op"]
[Site "Marianske Lazne"]
[Date "2006.01.27"]
[Round "8"]
[White "Efinowicz, Michal"]
[Black "Baeuml, Ulrich"]
[Result "1-0"]
[WhiteElo "2057"]
[BlackElo "2095"]
[PlyCount "73"]
[EventDate "2006.01.21"]
[EventType "swiss"]
[EventRounds "9"]
[EventCountry "CZE"]
[SourceTitle "CBM 110 Extra"]
[Source "ChessBase"]
[SourceDate "2006.03.10"]
[SourceVersion "2"]
[SourceVersionDate "2006.03.10"]
[SourceQuality "1"]

1. c4 c5 2. Nc3 Nc6 3. g3 g6 4. Bg2 Bg7 5. d3 e6 6. e4 Nge7 7. Nge2 0-0 8. f4 d6 9. 0-0 Rb8 10. Be3 Nd4 11. Bxd4 cxd4 12. Nb5 a6 13. Na3 b5 14. cxb5 axb5 15. Qd2 Qb6 16. Rfc1 Ba6 17. Qb4 Rfd8 18. e5 Nf5 19. Rc6 Qa7 20. Qa5 dxe5 21. Rxa6 Qe7 22. Ra7 Qf6 23. Nxb5 exf4 24. Nxf4 Qe5 25. a4 Qe3+ 26. Kh1 e5 27. Re1 Qf2 28. Re2 Nxg3+ 29. hxg3 Qxg3 30. Nh3 Qxd3 31. Rf2 Rf8 32. Qc7 Rbc8 33. Qb7 e4 34. Qxe4 Rc2 35. Kh2 Qb3 36. Nf4 Qb4 37. Nd3 1-0

[Event "Kochan Memorial op-B 16th"]
[Site "Koszalin"]
[Date "2005.08.??"]
[Round "10"]
[White "Efinowicz, Michal"]
[Black "Tofil, Borys"]
[Result "1-0"]
[WhiteElo "2061"]
[BlackElo "1970"]
[PlyCount "67"]
[EventDate "2005.08.??"]
[EventType "swiss"]
[EventRounds "10"]
[EventCountry "POL"]
[SourceTitle "EXT 2006"]
[Source "ChessBase"]
[SourceDate "2005.11.24"]
[SourceVersion "1"]
[SourceVersionDate "2005.11.24"]
[SourceQuality "1"]

1. d3 d5 2. Nf3 Nc6 3. Nbd2 Nf6 4. e4 e5 5. c3 Bg4 6. Be2 Be7 7. 0-0 0-0 8. Ne1 Be6 9. Nef3 h6 10. Qc2 dxe4 11. dxe4 Bd6 12. Rd1 Qe7 13. Nc4 Rfd8 14. b3 Bxc4 15. Bxc4 Bc5 16. b4 Bb6 17. Rxd8+ Rxd8 18. h3 a5 19. a3 Nh5 20. Bd5 Rd6 21. Kf1 Nf6 22. Bc4 Nd7 23. Bb2 Nd8 24. Rd1 Ne6 25. Rxd6 Qxd6 26. Nh4 Nf6 27. Nf5 Qd7 28. Bc1 Nxe4 29. Qxe4 Qd1+ 30. Qe1 Qc2 31. Bxe6 fxe6 32. Ne3 Qd3+ 33. Kg1 axb4 34. axb4 1-0

[Event "Wroclaw Polonia op-A"]
[Site "Wroclaw"]
[Date "2005.06.27"]
[Round "1"]
[White "Zawadzki, Stanislaw"]
[Black "Efinowicz, Michal"]
[Result "1/2-1/2"]
[WhiteElo "2398"]
[BlackElo "2029"]
[PlyCount "108"]
[EventDate "2005.06.??"]
[EventType "swiss"]
[EventRounds "9"]
[EventCountry "POL"]
[SourceTitle "EXT 2006"]
[Source "ChessBase"]
[SourceDate "2005.11.24"]
[SourceVersion "1"]
[SourceVersionDate "2005.11.24"]
[SourceQuality "1"]

1. e4 d6 2. d4 e5 3. Nf3 Nf6 4. Nc3 Nbd7 5. Bc4 Be7 6. 0-0 0-0 7. Re1 c6 8. a4 b6 9. b3 a6 10. Bb2 Qc7 11. Bd3 Re8 12. Ne2 Bf8 13. Ng3 Bb7 14. c3 Rad8 15. b4 a5 16. Qb3 g6 17. Rad1 Bg7 18. Bb1 Ba6 19. Ba2 d5 20. b5 cxb5 21. axb5 Bb7 22. Ba3 h6 23. h4 a4 24. Qxa4 Nxe4 25. Nxe4 dxe4 26. Nxe5 Nxe5 27. dxe5 Bxe5 28. Qb3 Rd3 29. Rxd3 exd3 30. Rd1 Rd8 31. c4 Qd7 32. c5 bxc5 33. Bxc5 Qf5 34. Qc4 Rc8 35. Kf1 Bg7 36. Qxd3 Rxc5 37. Qxf5 Rxf5 38. Rd7 Rxb5 39. Bxf7+ Kh7 40. f3 Ba6 41. Bxg6+ Kxg6 42. Rd6+ Kh5 43. Rxa6 Kxh4 44. Ra4+ Kh5 45. Kf2 Be5 46. Ra2 Bd4+ 47. Kg3 Rg5+ 48. Kh3 Kg6 49. g3 Rb5 50. Ra6+ Bf6 51. Ra2 Rb8 52. Kg2 Bd4 53. Re2 Rb1 54. Rd2 Bc5 1/2-1/2

[Event "POL-ch U16"]
[Site "Leba"]
[Date "2004.03.31"]
[Round "6"]
[White "Efinowicz, Michal"]
[Black "Lasut, Lukasz"]
[Result "1/2-1/2"]
[WhiteElo "2005"]
[BlackElo "2005"]
[PlyCount "63"]
[EventDate "2004.03.27"]
[EventType "swiss"]
[EventRounds "11"]
[EventCountry "POL"]
[SourceTitle "EXT 2005"]
[Source "ChessBase"]
[SourceDate "2004.11.15"]
[SourceVersion "1"]
[SourceVersionDate "2004.11.15"]
[SourceQuality "1"]

1. d4 Nf6 2. c4 c5 3. d5 b5 4. b3 g6 5. Bb2 Bg7 6. e3 bxc4 7. bxc4 d6 8. Bd3 0-0 9. Ne2 Nbd7 10. Nd2 Nb6 11. 0-0 Bd7 12. Nc3 Rb8 13. Rb1 a6 14. Ba1 Qc7 15. Qc2 Rb7 16. Nde4 Nxe4 17. Nxe4 Bxa1 18. Rxa1 Bf5 19. Rab1 Rfb8 20. Nd2 Bxd3 21. Qxd3 Nd7 22. Rxb7 Rxb7 23. Rb1 Rxb1+ 24. Qxb1 Qb6 25. Qxb6 Nxb6 26. Kf1 Na4 27. Ke1 Nb2 28. Ke2 Kf8 29. Kf3 f6 30. h4 Kf7 31. Kg3 Ke8 32. e4 1/2-1/2